000 00343nam a2200157Ia 4500
008 210210b1961 xxu||||| |||| 00| 0 eng d
041 _aeng
082 _a516/118
100 _aRAY
245 _aStatics
260 _aDelhi
_bPremier Publishing Co.
_c1961
650 _aStatics
690 _astatics
700 _aCHANDI
906 _a007834
999 _c140692
_d140692